Statystyki dla Państwa leżące w Alpach.

Kliknij tutaj aby rozwiązać quiz!

Ogólne statystyki

  • Ten quiz został rozwiązany 78 razy
  • Średni wynik to 8 z 9

Statystyki odpowiedzi

Państwo% Poprawnych
Włochy
99%
Austria
97%
Francja
97%
Niemcy
97%
Szwajcaria
97%
Liechtenstein
95%
Słowenia
88%
Węgry
73%
Monako
68%

Rozkład punktacji

Percentyl według liczby udzielonych odpowiedzi

Procent ludzi z każdym wynikiem

Twoja historia wyników

Nie rozwiązałeś tego quizu